ARRUPE JESUIT UNIVERSITY

CORONAVIRUS -STOP THE SPREAD - CLEAN,DISINFECT,COVER

In the sylvan shadows. (Record no. 125740)

MARC details
000 -LEADER
fixed length control field 00778cam a2200265 4500
001 - CONTROL NUMBER
control field 1722460
003 - CONTROL NUMBER IDENTIFIER
control field ARRUPE
005 - DATE AND TIME OF LATEST TRANSACTION
control field 20161116092031.0
008 - FIXED-LENGTH DATA ELEMENTS--GENERAL INFORMATION
fixed length control field 730927s1971 bg ab b 001 0 eng
010 ## - LIBRARY OF CONGRESS CONTROL NUMBER
LC control number 72907279
040 ## - CATALOGING SOURCE
Original cataloging agency DLC
Transcribing agency DLC
Modifying agency DLC
043 ## - GEOGRAPHIC AREA CODE
Geographic area code a-bg---
050 00 - LIBRARY OF CONGRESS CALL NUMBER
Classification number GN635.B33
Item number S27
082 00 - DEWEY DECIMAL CLASSIFICATION NUMBER
Classification number 301.29/549/2
300 ## - PHYSICAL DESCRIPTION
Other physical details illus., maps.
Dimensions 23 cm.
100 1# - MAIN ENTRY--PERSONAL NAME
Personal name Sattar, Abdus,
Dates associated with a name 1949-
9 (RLIN) 27479
245 10 - TITLE STATEMENT
Title In the sylvan shadows.
Statement of responsibility, etc Abdus Sattar
260 ## - PUBLICATION, DISTRIBUTION, ETC. (IMPRINT)
Place of publication, distribution, etc [Dacca,
Name of publisher, distributor, etc Saquib Bros.,
Date of publication, distribution, etc 1971]
300 ## - PHYSICAL DESCRIPTION
Extent xii, 349 p.
350 ## - PRICE (NR) (BK AM CF MU VM SE) [OBSOLETE]
Price Tk20.00
504 ## - BIBLIOGRAPHY, ETC. NOTE
Bibliography, etc Bibliography: p. [327]-335.
650 #0 - SUBJECT ADDED ENTRY--TOPICAL TERM
Topical term or geographic name as entry element Ethnology
Geographic subdivision Bangladesh.
9 (RLIN) 27480
651 #0 - SUBJECT ADDED ENTRY--GEOGRAPHIC NAME
Geographic name Bangladesh
General subdivision Social life and customs.
9 (RLIN) 27481
906 ## - LOCAL DATA ELEMENT F, LDF (RLIN)
a 7
b cbc
c orignew
d 4
e ncip
f 19
g y-gencatlg
942 ## - ADDED ENTRY ELEMENTS (KOHA)
Source of classification or shelving scheme Library of Congress Classification
Koha item type Monograph ( Printed materials)
Holdings
Withdrawn status Lost status Source of classification or shelving scheme Damaged status Not for loan Collection code Home library Current library Shelving location Date acquired Total Checkouts Full call number Barcode Date last seen Price effective from Koha item type
    Library of Congress Classification     Main Collection ARRUPE LIBRARY ARRUPE LIBRARY Main Collection 16/11/2016   GN635.B33 S27 46500009888 09/04/2018 16/11/2016 Monograph ( Printed materials)

 

Arrupe Library. PO Box MP320 Mt Pleasant, Harare, Zimbabwe
263 242 745411|librarian@aju.ac.zw